Teaching as a spiritual practice : (Record no. 5051)

MARC details
000 -LEADER
fixed length control field 00592 a2200169 4500
010 ## - LCCN (DPL NO)
LC control number ENG-86704
020 ## - INTERNATIONAL STANDARD BOOK NUMBER
International Standard Book Number 817621180X
Terms of availability 395.00
035 ## - SYSTEM CONTROL NUMBER
System control number EN-70237
037 ## - SOURCE OF ACQUISITION
Source of stock number/acquisition DBAD / PUB
082 14 - DEWEY DECIMAL CLASSIFICATION NUMBER
Classification number 230.3
100 ## - MAIN ENTRY--PERSONAL NAME
Personal name Alderfer, Lauren
245 1# - TITLE STATEMENT
Title Teaching as a spiritual practice :
Statement of responsibility, etc by Lauren Alderfer
Remainder of title cultivating ethical values for self-renewal and transformation /
260 ## - PUBLICATION, DISTRIBUTION, ETC. (IMPRINT)
Place of publication, distribution, etc New Delhi
Name of publisher, distributor, etc Full Circle
Date of publication, distribution, etc 2006
270 ## - ADDRESS
Address J-40, Jorbagh Lane
City New Delhi
Postal code 110 003
Telephone number 24620063
Electronic mail address fullcircle@vsnl.com
300 ## - PHYSICAL DESCRIPTION
Extent 100p
Dimensions 23cm (pbk)
Other physical details Photos
942 ## - ADDED ENTRY ELEMENTS (KOHA)
Institution code [OBSOLETE] dpl
Item type English Books
Source of classification or shelving scheme Dewey Decimal Classification
Classification part 230.3
Call number suffix ALD
Holdings
Withdrawn status Lost status Not for loan Collection code Home library Current library Source of acquisition Cost, normal purchase price Full call number Barcode Copy number Cost, replacement price Koha item type
    Not For Loan Non-fiction D.B.Act.Division D.B.Act.Division DBAD/PUB 395.00 230.3 ALD EN-70237 1 395.00 English Books

© Delhi Public Library
Hit Counter
free hit counter